Investigating the impact of economic reforms on the construction cost management system in China (Record no. 114577)

MARC details
000 -LEADER
fixed length control field 01025cad a22002175a 4500
001 - CONTROL NUMBER
control field L157077
008 - FIXED-LENGTH DATA ELEMENTS--GENERAL INFORMATION
fixed length control field 120829s2012 xxk f 000 0 eng d
020 ## - INTERNATIONAL STANDARD BOOK NUMBER
International Standard Book Number 9781842198131
035 ## - SYSTEM CONTROL NUMBER
System control number (Sirsi) u157077
041 0# - LANGUAGE CODE
Language code of text/sound track or separate title eng
100 1# - MAIN ENTRY--PERSONAL NAME
Personal name Ding, Grace
Titles and words associated with a name Dr
245 00 - TITLE STATEMENT
Title Investigating the impact of economic reforms on the construction cost management system in China
Remainder of title executive summary
Medium [electronic resource]
260 ## - PUBLICATION, DISTRIBUTION, ETC.
Place of publication, distribution, etc. London
Name of publisher, distributor, etc. RICS
Date of publication, distribution, etc. 2012
490 #0 - SERIES STATEMENT
Series statement RICS Research
520 ## - SUMMARY, ETC.
Summary, etc. In 1978, the Chinese government introduced fundamental economic reforms aimed at shifting from a planned centrally controlled economy to an open-door market driven economy. This report examines the impact that these reforms have had on cost management practices in the Chinese construction industry.
651 #4 - SUBJECT ADDED ENTRY--GEOGRAPHIC NAME
Geographic name China
690 ## - LOCAL SUBJECT ADDED ENTRY--TOPICAL TERM (OCLC, RLIN)
Topical term or geographic name as entry element Construction management
9 (RLIN) 6230
700 1# - ADDED ENTRY--PERSONAL NAME
Personal name Smith, Peter
Titles and other words associated with a name Dr
856 40 - ELECTRONIC LOCATION AND ACCESS
Uniform Resource Identifier <a href="https://www.rics.org/Global/China_CMS_ExecSum_280312_dwl_aj.pdf">https://www.rics.org/Global/China_CMS_ExecSum_280312_dwl_aj.pdf</a>
Public note View the item free of charge at www.rics.org
942 ## - ADDED ENTRY ELEMENTS (KOHA)
Suppress in OPAC 0
Holdings
Withdrawn status Lost status Source of classification or shelving scheme Damaged status Not for loan Home library Current library Shelving location Date acquired Total Checkouts Full call number Barcode Date last seen Copy number Price effective from Koha item type
    Dewey Decimal Classification     Virtual Virtual Online 29/08/2012   ONLINE PUBLICATION 157077-2001 06/08/2019 1 06/08/2019 Book